000
00311nam a22001337a 4500
020
_a
0-439-79666-0
082
_a
823
_b
WAS/U
100
_a
WASSRMAN, ROBIN
245
_a
UNFABULOUSKEEPIN IT REAL
260
_a
UNITED STATES
_b
SCHOLASTIC INC
_c
2005
300
_a
106
650
_a
NOVEL
_z
UNITED STATES
942
_c
BK
999
_c
2516
_d
2516